|
|
|
|
| LEADER |
00000nam a2200000 a 4500 |
| 001 |
vtls001418951 |
| 003 |
SK-MaSNL |
| 005 |
20260301012730.0 |
| 008 |
251117s2000 xo ap r 0yy slo |
| 015 |
|
|
|a SNBA2002/01-00256
|
| 020 |
|
|
|a 807099634X
|
| 035 |
|
|
|a SNK000373758
|
| 035 |
|
|
|a urn:nbn:sk:snk-amtg2q
|
| 035 |
|
|
|a urn:nbn:sk:snk-am00cdpe
|
| 035 |
|
|
|a BF900685-CC74-455A-96DA-BC47D9ADB82A
|
| 040 |
|
|
|a SNK
|b slo
|c SNK
|e AACR2
|
| 041 |
0 |
|
|a slo
|
| 044 |
|
|
|a xo
|c SK
|
| 080 |
|
|
|a 622:658.562
|2 1981
|
| 080 |
|
|
|a 66:658.562
|2 1981
|
| 080 |
|
|
|a 658.562
|2 1981
|
| 100 |
1 |
|
|a Floreková, Ľubica
|4 aut
|9 292156
|
| 245 |
1 |
|
|a Faktory intenzívneho rozvoja kvality výrobkov a služieb
|n 3. časť
|p Ťažobný a spracovateľský priemysel
|c Ľubica Floreková, Dagmar Bednárová
|
| 260 |
|
|
|a V Košiciach
|b Technická univerzita
|c 2000
|
| 300 |
|
|
|a 78 s., 2 s. obr. príl.
|b grafy, sch., tab.
|c 2000
|
| 500 |
|
|
|a 30 výt.
|
| 504 |
|
|
|a Bibliogr. s. 76-78. Res. angl.
|
| 650 |
0 |
7 |
|a banský priemysel
|2 SNK
|9 298246
|
| 650 |
0 |
7 |
|a priemysel spracovateľský
|x kvalita
|x monografie
|2 SNK
|9 298247
|
| 655 |
|
7 |
|a príručky
|2 SNK
|9 74364
|
| 700 |
1 |
|
|a Bednárová, Dagmar
|4 aut
|9 298248
|
| 752 |
|
|
|d Košice
|
| 919 |
|
|
|a 80-7099-634-X
|
| 958 |
|
|
|a TL
|
| 958 |
|
|
|a NB
|
| 958 |
|
|
|a OND
|
| 999 |
|
|
|c 554264
|d 556194
|
| 952 |
|
|
|t P60, <03>, [BOOK], {603}
|a SNK
|b SNK
|y PREZ
|7 0
|p 17A0312046
|o snkSB 62850/3
|i snkKSP 9974/2001
|0 0
|1 0
|4 0
|d 2001-08-22
|f 1
|l 0
|r 2025-04-15 00:00:00
|w 2026-02-23
|
| 952 |
|
|
|t P60, <04>, [BOOK], {604}
|a SNK
|b SNK
|y VYP
|7 0
|p 17A0312047
|o snkSB 62850/3 D1
|i snkKSP 9975/2001
|0 0
|1 0
|4 0
|d 2001-08-22
|l 0
|r 2005-01-02 00:00:00
|w 2026-02-23
|